|
|
|
|
| LEADER |
00000nam a2200000 a 4500 |
| 001 |
vtls001418324 |
| 003 |
SK-MaSNL |
| 005 |
20260301072238.0 |
| 008 |
251113s2001 xo aep r yy slo |
| 015 |
|
|
|a SNBA2001/11-03840
|
| 020 |
|
|
|a 8071378240
|
| 035 |
|
|
|a SNK000373125
|
| 035 |
|
|
|a urn:nbn:sk:snk-amltys
|
| 035 |
|
|
|a urn:nbn:sk:snk-am00cboc
|
| 035 |
|
|
|a 2A8E330C-E32B-4322-9B4F-E83965A14B5F
|
| 040 |
|
|
|a SNK
|b slo
|c SNK
|e AACR2
|
| 041 |
0 |
|
|a slo
|
| 044 |
|
|
|a xo
|c SK
|
| 080 |
|
|
|a 547.455/.458:663/664(075.4)
|2 1981
|
| 100 |
1 |
|
|a Petruš, Ladislav,
|d 1950-
|4 aut
|9 113481
|
| 245 |
1 |
|
|a Sacharidy v poľnohospodárstve a potravinárstve
|b učebné texty pre všetky formy vzdelávania
|c Ladislav Petruš, Mária Petrušová
|
| 260 |
|
|
|a Nitra
|b Slovenská poľnohospodárska univerzita
|c 2001
|
| 300 |
|
|
|a 128 s.
|b ilustr., sch., tab.
|c 30 cm
|
| 490 |
1 |
|
|a Ochrana biodiverzity
|v 70
|
| 500 |
|
|
|a 200 výt.
|
| 504 |
|
|
|a Vecný reg. Terminologický slovník
|
| 650 |
0 |
7 |
|a sacharidy
|x potravinárstvo
|x poľnohospodárstvo
|x využitie priemyselné
|x texty učebné
|2 SNK
|9 391358
|
| 655 |
|
7 |
|a učebnice
|2 SNK
|9 22521
|
| 700 |
1 |
|
|a Petrušová, Mária,
|d 1952-
|4 aut
|9 6986
|
| 830 |
|
0 |
|a Ochrana biodiverzity
|9 290310
|
| 919 |
|
|
|a 80-7137-824-0
|
| 958 |
|
|
|a TL
|
| 958 |
|
|
|a UV
|
| 999 |
|
|
|c 640439
|d 642369
|
| 952 |
|
|
|t P60, <03>, [BOOK], {603}
|a SNK
|b SNK
|y PREZ
|7 0
|p 17A0310634
|o snkSB 63759
|i snkKSP 9553/2001
|0 0
|1 0
|4 0
|d 2001-08-14
|f 1
|l 0
|r 2025-04-15 00:00:00
|w 2026-02-23
|
| 952 |
|
|
|t P60, <03>, [BOOK], {603}
|a SNK
|b SNK
|y VYP
|7 0
|p 17A0310646
|o snkSB 63759 D1
|i snkKSP 9554/2001
|0 0
|1 0
|4 0
|d 2001-08-14
|l 0
|r 2005-01-02 00:00:00
|w 2026-02-23
|